| Tag |
First Indicator |
Second Indicator |
Subfields |
| LEADER |
00000cam a22000001i 4500 |
| 001 |
in00004110721 |
| 005 |
20200117084517.0 |
| 006 |
m d f |
| 007 |
cr bn mmmapmmp |
| 008 |
091130s1968 dcu o f000 0 eng d |
| 035 |
|
|
|a cis2007525727
|
| 040 |
|
|
|a UMI
|b eng
|e rda
|c UMI
|d UtOrBLW
|
| 110 |
1 |
|
|a United States.
|b Congress.
|b House.
|b Committee on Interior and Insular Affairs,
|e issuing body.
|0 http://id.loc.gov/authorities/names/n79071072
|
| 245 |
1 |
0 |
|a To Amend the Act of March 1, 1933, Entitled "An Act To Permanently Set Aside Certain Lands in Utah as an Addition to the Navajo Indian Reservation''.
|
| 264 |
|
1 |
|a [Washington :
|b U.S. G.P.O.],
|c 1968.
|
| 300 |
|
|
|a 4 pages, digital, PDF file.
|
| 336 |
|
|
|a text
|2 rdacontent
|b txt
|
| 337 |
|
|
|a computer
|b c
|2 rdamedia
|
| 338 |
|
|
|a online resource
|2 rdacarrier
|b cr
|
| 500 |
|
|
|a Record is based on bibliographic data in ProQuest Congressional Hearings Digital Collection(last viewed July 2018). Reuse except for individual research requires license from ProQuest, LLC.
|
| 538 |
|
|
|a System requirements: PDF reader software.
|
| 500 |
|
|
|a Electronic resource.
|
| 650 |
|
0 |
|a Indians of North America
|x Land tenure.
|0 http://id.loc.gov/authorities/subjects/sh85065310
|
| 650 |
|
0 |
|a Navajo Indians.
|0 http://id.loc.gov/authorities/subjects/sh85090345
|
| 651 |
|
0 |
|a San Juan County (Utah)
|0 http://id.loc.gov/authorities/names/n80070364
|
| 710 |
1 |
|
|a United States.
|b Congress.
|b House.
|b Committee on Public Lands.
|b Subcommittee on Indian Affairs,
|e other agent associated with work.
|0 http://id.loc.gov/authorities/names/no90002730
|
| 776 |
0 |
8 |
|a United States. Congress. House. Committee on Interior and Insular Affairs.
|t To Amend the Act of March 1, 1933, Entitled "An Act To Permanently Set Aside Certain Lands in Utah as an Addition to the Navajo Indian Reservation''
|o 90 HIni-T.235
|
| 730 |
0 |
|
|a ProQuest U.S. Congressional Hearings Digital Collection.
|
| 856 |
4 |
0 |
|u http://proxy.library.tamu.edu/login?url=http://congressional.proquest.com/congcomp/getdoc?HEARING-ID=HRG-1968-IIA-0100
|y Electronic resource (PDF)
|t 0
|
| 999 |
f |
f |
|s 07da841b-4b08-3a15-af36-0804f0944c5b
|i 5bfa04ab-1477-3ed4-bd4f-610257f3b6af
|t 0
|
| 952 |
f |
f |
|a Texas A&M University
|b College Station
|c Electronic Resources
|d Available Online
|t 0
|h No information provided
|
| 998 |
f |
f |
|t 0
|l Available Online
|